LEADER 01293nam a2200241 i 4500 001 000000159346 003 CaOOAMICUS 005 20070226000000.0 008 070226s1948 it u000 u ita u 013 $a136709 040 $aSeMil$bita 100 1 $aAlmagià, Roberto.$0(OLS)http://semarc/name/5762 245 10$aCarte geografiche a stampa, di particolare pregio o rarità :$bdei secoli 16. e 17., esistenti nella Biblioteca Apostolica Vaticana /$cRoberto Almagià. 260 $aCittà del Vaticano :$bBiblioteca Apostolica Vaticana,$cimprimatur 1948. 300 $a130 p., 40 c. di tav. ;$c42 cm. 490 0 $aMonumenta Cartographica Vaticana ;$vVolumen2. 650 4$aCarte geografiche - Sec. 16.-17. - Riproduzioni e facsimili.$0(OLS)http://semarc/subject/17158 830 0$aMonumenta Cartographica Vaticana ;$vVolumen2.$0(OLS)http://semarc/title/22909 850 $aSeMil 852 $aSeMil$W1$xVenegono$y1$m5Q XII 19$j110903$B110903$CSeMilBibl$Z2$F120558 $8I 961 $aRecupero: Altro 996 $6245$aCarte geografiche a stampa, di particolare pregio o rarità :$bdei secoli 16. e 17., esistenti nella Biblioteca Apostolica Vaticana$9(OLS)http://semarc/title/141285 996 $6260$aCittà del Vaticano :$bBiblioteca Apostolica Vaticana$9(OLS)http://semarc/publisher/29667 LEADER 00951nam a2200205 i 4500 001 000000223069 003 CaOOAMICUS 005 20131003000000.0 008 131003s1816 xx u000 u fre u 013 $a201966 026 $alei- nsme e-il reco (3) 1816 (A) 040 $aSeMil$bita 245 10$aTome 6. 300 $a[4], 615, [1] p. 773 0 $aBuhle, Johann Gottlieb Gerhard <1763-1821>$tHistoire de la philosophie moderne, depuis la Renaissance des Lettres jusqu'à Kant; précédée d'un abrégé de la philosophie ancienne, depuis Thalès jusqu'au 14.e siècle; par Jean-Gottlieb Buhle, ... traduite de l'allemand par A. J. L. Jourdan ..$dParis : F.I. Fournier, 1816 ([Paris] : De l'Imprimerie de Gille, 1816)$g6$w()19043 850 $aSeMil 852 $aSeMil$W1$xVenegono$y1$m2Q IV 23 FA$j173415$B173415$CSeMilBibl$Z2$F183787 $8I 941 1 $a10 961 $aRecupero: Mantegazza 996 $6245$aTome 6$9(OLS)http://semarc/title/1601 LEADER 00981nam a2200253 i 4500 001 000000122114 003 CaOOAMICUS 005 20040123000000.0 008 040123s2000 it u000 u ita u 013 $a94809 020 $a88-8272-055-1 040 $aSeMil$bita 100 1 $aMoschetti, Paola.$0(OLS)http://semarc/name/49230 245 12$aL'ordo Virginum :$bgermoglio di vita cristiana /$cPaola Moschetti. 260 $a[S.l.] :$bCantagalli,$ccopyr. 2000. 300 $a223 p. ;$c21 cm. 500 $aContiene : Bibliografia. 650 4$aOrdo Virginum.$0(OLS)http://semarc/subject/18095 850 $aSeMil 852 $aSeMil$W1$xVenegono$y1$m74 6 *$j77138$B77138$CSeMilBibl$Z2$F78764 $81 961 $aOmaggio: Cornati don Dario 996 $6020$a88-8272-055-1$9(OLS)http://semarc/number/107808 996 $6245$aL'ordo Virginum :$bgermoglio di vita cristiana$9(OLS)http://semarc/title/179926 996 $6260$a[S.l.] :$bCantagalli$9(OLS)http://semarc/publisher/46159 LEADER 01471nam a2200277 i 4500 001 000000226371 003 CaOOAMICUS 005 20140121000000.0 008 140121s2005 it u000 u ita u 013 $a205273 040 $aSeMil$bita 100 1 $aMaggioni, Pietro Lorenzo.$0(OLS)http://semarc/name/78544 245 13$aIl tema del diluvio nel testo biblico e nei miti indiani :$banalisi e confronto /$cTesi di laurea di Pietro Lorenzo Maggioni ; Relatore chiar.ma prof.ssa Donatella Dolcini. 260 $a[S.l. :$bs.n.,$c2005] 300 $a97 p. ;$c30 cm. 500 $aContiene : Bibliografia. - In testa al front : Università degli Studi di Milano, Facoltà di Lettere, Facoltà di Scienze Politiche. Corso di Laura in Mediazione Linguistica e Culturale. - A piè del front : Anno Accademico 2004-2005. - Fondo card. C. M. Martini. 650 4$aTesi di laurea.$0(OLS)http://semarc/subject/1690 650 4$aBibbia - Diluvio.$0(OLS)http://semarc/subject/18997 650 4$aDiluvio.$0(OLS)http://semarc/subject/22330 700 1 $aDolcini, Donatella.$0(OLS)http://semarc/name/32291 850 $aSeMil 852 $aSeMil$W1$xVenegono$y1$m4X IX 38$j176717$B176717$CSeMilBibl$Z2$F187590 $8L 941 1 $a4 961 $aLascito: Martini Card. Carlo Maria 996 $6245$aIl tema del diluvio nel testo biblico e nei miti indiani :$banalisi e confronto$9(OLS)http://semarc/title/324115 996 $6260$a[S.l. :$bs.n.$9(OLS)http://semarc/publisher/31686